Normal view
MARC view
Entry Topical Term
001 - CONTROL NUMBER
- control field: 14106
003 - CONTROL NUMBER IDENTIFIER
- control field: BD-RjUL
005 - DATE AND TIME OF LATEST TRANSACTION
- control field: 20241104130812.0
008 - FIXED-LENGTH DATA ELEMENTS
- fixed length control field: 241104|| aca||aabn | a|a d
040 ## - CATALOGING SOURCE
- Original cataloging agency: BD-RjUL
- Transcribing agency: BD-RjUL
150 ## - HEADING--TOPICAL TERM
- Topical term or geographic name entry element: Liberation War
- Form subdivision: History and Criticism
670 ## - SOURCE DATA FOUND
- Source citation: Work cat.: (BD-RjUL)84233: সিদ্দিকী, মো. রকিব উদ্দিন 14104, মুক্তিযুদ্ধে যশোর :, ২০২২